100 joueurs belges avec la plus grosse valeur marchande - Statistiques

Statistiques générales
  • Ce quiz a été pris 149 fois
    117 depuis la dernière actualisation
  • Le résultat moyen est 32 sur 100
Statistiques - réponses
Club Prix Réponse % Correct
Manchester City 70 millions Kevin De Bruyne
97%
Real Madrid 45 millions Thibault Courtois
96%
AS Rome 40 millions Romelu Lukaku
94%
Manchester City 28 millions Jérémy Doku
91%
(sans club) 5 millions Eden Hazard
87%
Arsenal 35 millions Leandro Trossard
87%
Anderlecht 7 millions Thorgan Hazard
87%
Al Shabab 25 millions Yannick Carrasco
84%
Everton 45 millions Amadou Onana
79%
RB Leipzig 35 millions Lois Openda
79%
Aston Villa 25 millions Youri Tielemans
77%
Stade Rennais 22 millions Arthur Theate
73%
Fulham 25 millions Timothy Castagne
66%
Fernerbahce 10 millions Michy Batshuayi
65%
Leicester 20 millions Wout Faes
64%
Atalanta 22 millions Charles De Ketelaere
63%
Borussia Dortmund 5 millions Thomas Meunier
62%
Chelsea 32 millions Roméo Lavia
59%
Atletico Madrid 5 millions Axel Witsel
58%
PSV Eindhoven 10 millions Johan Bakayoko
54%
Royal Antwerp 3,5 millions Toby Alderweireld
54%
Seville FC 12 millions Dodi Lukébakio
53%
RC Strasbourg 7 millions Matz Sels
53%
Nottingham Forest 16 millions Orel Mangala
53%
Club Brugge 10 millions Hans Vanaken
51%
Aston Villa 15 millions Leander Dendoncker
51%
Galatasaray 3 millions Dries Mertens
49%
Wolfsbourg 8 millions Koen Casteels
49%
Nottingham Forest 6 millions Divock Origi
47%
Club Brugge 3,2 millions Simon Mignolet
44%
Bologne 15 millions Alexis Saelemaekers
43%
D.C United 3 millions Christian Benteke
41%
Leicester 7 millions Dennis Praet
41%
RSC Anderlecht 10 millions Zeno Debast
41%
Royal Antwerp 17 millions Arthur Vermeeren
38%
Borussia Dortmund 8,5 millions Julien Duranville
38%
Burnley 15 millions Mike Trésor
36%
Wolfsbourg 8,5 millions Aster Vranckx
34%
Al-Fateh 5 millions Jason Denayer
33%
Wolfsbourg 8,5 millions Sebastiaan Bornauw
30%
Stade De Reims 5 millions Thomas Foket
30%
Anderlecht 7,5 millions Yari Verschaeren
29%
Luton Town 15 millions Albert Sambi Lokonga
28%
Club Brugge 5 millions Maxim De Cuyper
28%
FC Seville 6 millions Adnan Januzaj
27%
Standard Liege 4 millions Arnaud Bodart
27%
Westerlo 2 millions Nacer Chadli
27%
Glasgow Rangers 7,5 millions Nicolas Raskin
26%
Burnley 6 millions Ameen Al-Dakhil
25%
Standard Liege 4,5 millions Zinho Vanheusden
25%
AS Monaco 7 millions Eliot Matazo
24%
UD Almeria 6 millions Largie Ramazani
24%
Luton Town 2,2 millions Thomas Kaminski
24%
FC Augsburg 7,5 millions Arne Engels
23%
Genoa 4 millions Koni De Winter
21%
Cercle Brugge 3,3 millions Hugo Siquet
20%
Royal Antwerp 6 millions Michel-Ange Balikwisha
20%
Cercle Brugge 3 millions Olivier Deman
19%
KAA Gent 11 millions Hugo Cuypers
18%
Club Brugge 4,5 millions Brandon Mechele
16%
Royal Antwerp 7 millions Mandela Keita
16%
Clermont Foot 2,5 millions Maximiliano Caufriez
14%
PSV Eindhoven 3,8 millions Yorbe Vertessen
14%
KRC Genk 11 millions Brian Heynen
13%
Anderlecht 3 millions Louis Patris
13%
KAA Gent 2,8 millions Malick Fofana
13%
Majorque 4 millions Siebe Van Der Heyden
13%
Stade De Reims 3 millions Thibault De Smet
13%
Bayer Leverkusen 3 millions Noah Mbamba
12%
Anderlecht 5 millions Mats Rits
11%
Union Saint Gilloise 3,8 millions Alessio Castro-Montes
10%
Standard Liege 4 millions Cihan Canak
10%
Anderlecht 3 millions Mario Stroeykens
10%
Hamburg 3 millions Ignace Van Der Brempt
9%
Stade De Reims 2,5 millions Maxime Busi
9%
Club Brugge 2,5 millions Jorne Spileers
8%
KRC Genk 3,5 millions Luca Oyen
8%
KV Malines 2,5 millions Nikola Storm
8%
Anderlecht 2 millions Benito Raman
7%
Burnley 7 millions Benson Manuel
7%
KAA Gent 4 millions Julien De Sart
7%
KV Malines 2,2 millions Rob Schoofs
7%
Werder Breme 4 millions Senne Lynen
7%
RSC Charleroi 4 millions Ken Nkuba
6%
KRC Genk 2,5 millions Hendrick Van Crombrugge
5%
FC Utrecht 2,2 millions Othmane Boussaid
5%
OUD Heverlee Leuven 2 millions Siebe Schrijvers
5%
Cercle Brugge 2,1 millions Thibo Somers
5%
KV Malines 2,2 millions Elias Cobbaut
4%
Royal Antwerp 3 millions Jelle Bataille
4%
Samsunspor 2,5 millions Landry Dimata
4%
KAA Gent 3,5 millions Matisse Samoise
4%
Sparta Rotterdam 2,3 millions Arno Verschueren
2%
OUD Heverlee Leuven 2,5 millions Casper De Norre
2%
RSC Charleroi 2,2 millions Isaac Mbenza
2%
OUD Heverlee Leuven 2,5 millions Mathieu Maertens
2%
KAA Gent 2,2 millions Pieter Gerkens
2%
RB Salzburg 5 millions Dante Vanzair
0%
RSC Anderlecht 5 millions Francis Amazu
0%
KRC Genk 9 millions Maarten Vandervoodt
0%
Aucun quiz correspondant
Distribution des résultats
% des personnes avec chaque résultat
Percentile par nombre de réponses
Votre historique - résultats
Vous n’avez pas pris ce quiz depuis la dernière actualisation